000 01217nam0a22002651 4500
001 rc\2737888
005 20110915165539.1
035 _a(NLR Aleph) 006865115
090 _a6888523
_c6888523
100 _a20110915d1937 |||y0rusy50 ca
101 0 _arus
102 _aRU
105 _aa z |||||
200 1 _aУказания о мероприятиях по получению высококачественного льноволокна № 26 и выше на 1937 год
_fСост. бригадой сотрудников Ин-та льна и Главльна: т. С. А. Леоновым, А. Н. Сивцовым, Е. Ф. Березовой [и др.]
_gГлав. льноводное упр. НКЗ СССР
210 _aМосква
_cИзд-во Наркомзема СССР
_d1937
_g11 тип. и шк. ФЗУ Мособлполиграфа
215 _a31 с.
_cил.
_d20х14 см.
702 1 _aБерезова
_bЕ. Ф.
_4220
702 1 _aЛеонов
_bС. А.
_4220
702 1 _aСивцов
_bА. Н.
_4220
712 0 1 _aСССР
_bГлавное льняное упр-ние
801 0 _aRU
_bNLR
_gpsbo
801 1 _aRU
_bELAR
_2rusmarc
852 _aNLR
_j37-10/324
942 _cBOOK
980 _aNB